Uma proposta dinâmica para o ensino de função afim a partir de erros dos alunos no primeiro ano do ensino médio (Record no. 145942)

MARC details
000 -LÍDER
campo de controle de tamanho fixo 00518 a2200169 4500
001 - NÚMERO DE CONTROLE
campo de controle 145942
040 ## - FONTE DA CATALOGAÇÃO
Instituição que transcreveu o registro Leonardo Da Vinci
041 ## - CÓDIGO DE IDIOMA
Código do idioma do texto/trilha sonora ou título diferente Português
082 ## - CDD - CLASSIFICAÇÃO DECIMAL DE DEWEY
Número de Classificação 330.1 R375u
Número do exemplar R375u
100 ## - ENTRADA PRINCIPAL--NOME PESSOAL
Nome pessoal REIS, Adinilson Marques
245 ## - TÍTULO
Título Uma proposta dinâmica para o ensino de função afim a partir de<br/>erros dos alunos no primeiro ano do ensino médio
260 ## - PUBLICAÇÃO, DISTRIBUIÇÃO, ETC.
Data da publicação, distribuição, etc. 2011
Local de publicação, distribuição, etc. São Paulo
300 ## - DESCRIÇÃO FÍSICA
Extensão 187
362 ## - DATAS DE PUBLICAÇÃO E/OU DESIGNAÇÃO SEQUENCIAL
Datas de publicação e/ou designação sequencial 20110000
697 ## - ENTRADA DE ASSUNTO LOCAL--ENTIDADE COLETIVA (RLIN)
Nome corporativo ou nome da jurisdição Ensino Médio
-- Matemática
-- Formação de professores
-- FIPEN
942 ## - ELEMENTOS DE ENTRADA ADICIONADOS (KOHA)
Tipo de material Koha Livros
Holdings
Situação do descarte Situação das perdas Situação física Não pode ser emprestado Biblioteca de origem Biblioteca atual Data de aquisição Total de empréstimos Número de chamada completo Código de barras Data de último acesso Data do preço efetivo Tipo de material Koha
        Leonardo Da Vinci - Osasco Leonardo Da Vinci - Osasco 27/03/2024   330.1 R375u O014466 27/03/2024 27/03/2024 Livros